000 00335nam a2200133 i 4500
001 bg
100 1 _aGrzywacz, Waldemar
_d(1932- ).
245 0 _aProblemy ekonomiczne konteneryzacji /
_cWaldemar Grzywacz.
260 _aWarszawa,
_c1975.
040 _cBPK
041 _apol
942 _cKS
008 s pl f |000 0 pol
999 _c18974
_d18974
856 _uhttp://koha.tu.koszalin.pl/cgi-bin/koha/opac-detail.pl?biblionumber=18974
_yKatalog online BPK